Quick Pick: US President trivia Quiz Stats

 Plays Quiz not verified by Sporcle

Also try: Fruity Jokes
Challenge
Share
Tweet
Embed
Score 0/9 Timer 02:00
0 Plays Today
% Correct
George H. W. Bush
92.9%
John F. Kennedy
91.6%
Franklin D. Roosevelt
88.3%
Donald J. Trump
82.8%
Grover Cleveland
81.3%
William Henry Harrison
79.9%
David Rice Atchinson
72.2%
Harold Stassen
66.5%
Theodore Roosevelt
62.5%

You're not logged in!

Compare scores with friends on all Sporcle quizzes.
OR
Log In

You Might Also Like...

Show Comments

Extras

Top Quizzes Today


Score Distribution

Your Account Isn't Verified!

In order to create a playlist on Sporcle, you need to verify the email address you used during registration. Go to your Sporcle Settings to finish the process.

Report this User

Report this user for behavior that violates our Community Guidelines.

Details: